Papillon

Sparad:
Bibliografiska uppgifter
Materialtyp: Bok
Taggar: Lägg till en tagg
Inga taggar, Lägg till första taggen!
Thư viện lưu trữ: Mạng thư viện Đại học Đà Nẵng
LEADER 00394nam a22001691a 4500
001 000040611
003 16906
005 20160412023242.0
008 160412s0 000
082 |a A23146 
245 |a Papillon  |c Henri Charriere 
OWN |a LNN 
999 |a From the UDN01 
TYP |a Monograph 
980 |a Mạng thư viện Đại học Đà Nẵng